Diseño de un plan estratégico para la empresa Truckexpress maquinaria pesada en la ciudad de San Rafael del Sur, Municipio de Managua para el período 2020-2025
Presenta un plan estratégico para la empresa Truckexpress se pretende que a través de esta investigación la empresa adopte una cultura de mejora continua y se transfiera a nivel operativo como administrativo a través de la implementación de una estrategia corporativa acorde al tamaño y ubicaci...
| Main Author: | |
|---|---|
| Other Authors: | |
| Format: | Tesis Section = Libro |
| Language: | Undetermined Spanish |
| Published: |
Managua
UNI
2019
|
| Subjects: |
| LEADER | 01188nam a2200253Ia 4500 | ||
|---|---|---|---|
| 008 | 240830s9999 xx 000 0 und d | ||
| 040 | |a BIBLIOTECA-RUSB/ M.Mon 658.838 R934 | ||
| 041 | |a spa | ||
| 082 | |a M.Mon 658.838 R934 | ||
| 100 | 1 | |a Ruiz Ulloa, Luis Alejandro | |
| 245 | 1 | 0 | |a Diseño de un plan estratégico para la empresa Truckexpress maquinaria pesada en la ciudad de San Rafael del Sur, Municipio de Managua para el período 2020-2025 |
| 260 | |a Managua |b UNI |c 2019 | ||
| 300 | |a 62 p. :il. | ||
| 500 | |a Contiene: anexos y CD. | ||
| 502 | |a Tesis (Máster en Gestión Empresarial) - UNI, 2019. | ||
| 520 | 3 | |a Presenta un plan estratégico para la empresa Truckexpress se pretende que a través de esta investigación la empresa adopte una cultura de mejora continua y se transfiera a nivel operativo como administrativo a través de la implementación de una estrategia corporativa acorde al tamaño y ubicación de la empresa. | |
| 650 | 7 | |a PLAN ESTRATEGICO | |
| 650 | 7 | |b ESTRATEGIA ORGANIZACIONAL | |
| 650 | 7 | |c ANALISIS FINANCIERO | |
| 650 | 7 | |d ANALISIS DE MERCADO | |
| 700 | 1 | |a Tutor: |b Ubilla Suazo, Rafael | |
| 942 | |c BK |2 ddc | ||
| 991 | |a TESIS | ||
| 999 | |c 19525 | ||